书目信息 |
| 书名: | HEAVEN'S EDGE | |
| 作者: | ROMESH GUNESEKERA | |
| 分册号: | ||
| 分册名: | 出版地: | NEW YORK |
|
| 出版社: | GROVE PRESS | |
| 出版时间: | 2002 | |
| 页数: | 234P | |
| 开本: | 24CM | |
| 丛书名: | ||
| 中图分类号: | ||
| 科图分类号: | ||
| 其他分类号: | I712.45 | |
| 主题词: | ||
| 电子资源: | ||
| 000 | 00406nam0 2200157 450 | |
| 001 | 202012002154 | |
| 005 | 20121125085524.0 | |
| 008 | 12112501s | |
| 020 | @a9780802141453@c$13.00 | |
| 099 | @dI712.45@eR7639 | |
| 245 | 10 | @aHEAVEN'S EDGE@cROMESH GUNESEKERA |
| 260 | 0 | @aNEW YORK@bGROVE PRESS@c2002 |
| 300 | @a234P@c24CM | |
| 905 | @b12188 | |
| 905 | @b12187-8 | |
| 905 | @aTSG@dI712.45@eR7639 | |
| HEAVEN'S EDGE / ROMESH GUNESEKERA.-NEW YORK : GROVE PRESS , 2002 |
| 234P ; 24CM |
| ISBN 9780802141453$13.00 |
| ● |
| 相关链接 |
|
|
|
正题名:HEAVEN'S EDGE
索取号:I712.45/R7639
 
预约/预借
| 序号 | 登录号 | 条形码 | 馆藏地/架位号 | 状态 | 备注 |
| 1 | 12187 | 300121874 | 文学库116/400A自科库 23排3列2层/ [索取号:I712.45/R7639] | 在馆 | |
| 2 | 12188 | 300121883 | 文学库116/ [索取号:I712.45/R7639] | 在馆 |